000
00253nam a2200097Ia 4500
001
642459
005
20250826153527.0
008
250824s9999 xx 000 0 und d
245
0
_a
BİZE GÖRE ANTİK
_c
AHMET HAŞİM
260
_b
ANTİK DÜNYA KLASİKLERİ
999
_c
642459
_d
642459